000 00366 a2200121 4500
001 ART_42737
005 20260410161737.0
008 260409a
245 1 0 _aLa crisis bancarias
100 1 _aRibas, Armando P.
700 1 _aMessuti, Domingo Jorge
773 0 _tEjecutivos de finanzas
_gTasas de interés - Año 12, Nº 130 (oct. 1996)
_wREV2863
999 _c18387
_d18387